LEADER 01316nam 2200385 n 450 001 996388266203316 005 20221107210434.0 035 $a(CKB)1000000000645300 035 $a(EEBO)2240897153 035 $a(UnM)99857589 035 $a(EXLCZ)991000000000645300 100 $a19930106d1510 uy | 101 0 $aeng 135 $aurbn||||a|bb| 200 10$a[Accidence]$b[electronic resource] 210 $a[Enprynted at London $cIn fletestrete at the sygne of the sonne by wynkyn de worde$d[1510?]] 215 $a[32] p 300 $aA revision of the Accidence of John Stanbridge. 300 $aTitle from STC; place of publication and printer's name from colophon; publication date conjectured by STC. 300 $aWith catch titles; on A3, B3: "Acci. stang. [sic]". 300 $aSignatures: A-B⁶ C⁴. 300 $aImperfect; lacks leaves A1,2. 300 $aReproduction of the original in the British Library. 330 $aeebo-0018 606 $aLatin language$xGrammar$vEarly works to 1800 615 0$aLatin language$xGrammar 700 $aStanbridge$b John$f1463-1510.$0196826 801 0$bCu-RivES 801 1$bCu-RivES 801 2$bCStRLIN 801 2$bWaOLN 906 $aBOOK 912 $a996388266203316 996 $aAccidence$92381557 997 $aUNISA LEADER 02273nas 2200613-a 450 001 996212673703316 005 20240413022810.0 035 $a(CKB)110978978552973 035 $a(CONSER)---87642469- 035 $a(EXLCZ)99110978978552973 100 $a19870219a19uu9999 --- - 101 0 $ager 181 $ctxt$2rdacontent 182 $cc$2rdamedia 183 $acr$2rdacarrier 200 00$aArbeitsinformationen ber Studienprojekte auf dem Gebiet der Geschichte des deutschen Judentums und des Antisemitismus /$fGermania Judaica, Klner Bibliothek zur Geschichte des Deutschen Judentums 210 $aKln $cGermania Judaica 215 $a1 online resource 311 $aPrint version: Arbeitsinformationen ber Studienprojekte auf dem Gebiet der Geschichte des deutschen Judentums und des Antisemitismus / (DLC) 87642469 (OCoLC)15212912 0341-8340 531 $aARBEITSINFORMATIONEN UEBER STUDIENPROJEKTE AUF DEM GEBIET DER GESCHICHTE DES DEU 606 $aJews$xHistory$xResearch$zGermany$vDirectories 606 $aEthnic relations$xResearch$2fast$3(OCoLC)fst00916021 606 $aJews$xResearch$2fast$3(OCoLC)fst00983347 606 $aJudentum$2gnd 606 $aGeschichte$2gnd 606 $aLiteraturbericht$2gnd 606 $aJuden$2gnd 606 $aBibliografie$2gnd 606 $aAntisemitismus$2gnd 607 $aGermany$xEthnic relations$xResearch$vDirectories 607 $aGermany$2fast 607 $aDeutsches Sprachgebiet$2gnd 607 $aDeutschland$2swd 607 $aJuden$2swd 608 $aDirectories.$2fast 608 $aHistory.$2fast 610 0 $aJuden 610 0 $aJudenverfolgung 615 0$aJews$xHistory$xResearch 615 7$aEthnic relations$xResearch. 615 7$aJews$xResearch. 615 7$aJudentum 615 7$aGeschichte 615 7$aLiteraturbericht 615 7$aJuden 615 7$aBibliografie 615 7$aAntisemitismus 676 $a943/.004924/0025 712 02$aGermania Judaica (Cologne, Germany) 906 $aJOURNAL 912 $a996212673703316 920 $aexl_impl conversion 996 $aArbeitsinformationen ber Studienprojekte auf dem Gebiet der Geschichte des deutschen Judentums und des Antisemitismus$92250738 997 $aUNISA